Dozor nad kolektívnym investovaním - kto ho potrebuje a čo by mal vykonávať

Potreba a zmysel dozoru nad kolektívnym investovaním na Slovensku. Základné ciele regulácie subjektov kolektívneho investovania. Viditeľné rozdiely medzi účinnou a neúčinnou reguláciou. Očakávania investorov od účinnej regulácie kolektívneho investovania. Situácia v dozore za hranicami SR. Plánované...

Descrizione completa

Salvato in:
Dettagli Bibliografici
Autore principale: Brečka, Miroslav
Natura: Capitolo di libro
Lingua:slovacco
Soggetti:
Tags: Aggiungi Tag
Nessun Tag, puoi essere il primo ad aggiungerne!!

MARC

LEADER 00000naa a2200000 4500
001 r039948
005 20230824105958.2
041 0 |a slo 
044 |a SK 
245 1 0 |a Dozor nad kolektívnym investovaním - kto ho potrebuje a čo by mal vykonávať  |c Miroslav Brečka 
520 |a Potreba a zmysel dozoru nad kolektívnym investovaním na Slovensku. Základné ciele regulácie subjektov kolektívneho investovania. Viditeľné rozdiely medzi účinnou a neúčinnou reguláciou. Očakávania investorov od účinnej regulácie kolektívneho investovania. Situácia v dozore za hranicami SR. Plánované ustanovenie Úradu pre finančný trh. 
610 2 0 |a investovanie kolektívne 
610 2 0 |a trh kapitálový 
610 2 0 |a Slovensko 
610 2 0 |a trh finančný 
610 2 0 |a dozor 
610 2 0 |a regulácia 
610 2 0 |a fondy investičné 
100 1 |a Brečka, Miroslav